| 000 | 01299cam a2200301 a 4500 | ||
|---|---|---|---|
| 001 | 1580218 | ||
| 005 | 20020907203557.0 | ||
| 008 | 930824s1994 nyua b 001 0 eng | ||
| 010 | _a 93035994 | ||
| 020 | _a0070652023 | ||
| 040 |
_aDLC _cDLC _dDLC |
||
| 050 | 0 | 0 |
_aTA455.P5 _bT75 1994 |
| 082 | 0 | 0 |
_a620.19231 _220 _bSTR |
| 100 | 1 |
_aTrantina, Gerald G. _94974 |
|
| 245 | 1 | 0 |
_aStructural analysis of thermoplastic components / _cGerry Trantina, Ron Nimmer ; edited by Peggy Malnati. |
| 260 |
_aNew York : _bMcGraw-Hill, _cc1994. |
||
| 300 |
_ax, 366 p. : _bill. ; _c24 cm. |
||
| 504 | _aIncludes bibliographical references and index. | ||
| 650 | 0 |
_aHeat resistant plastics. _94975 |
|
| 650 | 0 |
_aStructural analysis (Engineering) _94976 |
|
| 700 | 1 |
_aNimmer, Ron. _94977 |
|
| 700 | 1 |
_aMalnati, Peggy. _94978 |
|
| 856 | 4 | 2 |
_3Publisher description _uhttp://www.loc.gov/catdir/description/mh022/93035994.html |
| 856 | 4 | 1 |
_3Table of contents _uhttp://www.loc.gov/catdir/toc/mh022/93035994.html |
| 942 |
_2ddc _cBB |
||
| 999 |
_c11583 _d11583 |
||